000 00434nam a2200169Ia 4500
001 23713
003 IN-NITTTR
005 20251114233306.0
008 251113s9999||||xx |||||||||||||| ||eng||
040 _beng
040 _cIN-NITTTR
041 _aeng
082 _aR 629.8 I 1
245 0 _aInstrument engineers handbook :
_bprocess measurement and analysis /
_cLiptak, Bela G., ed.
700 _aLiptak, Bela G.
942 _2ddc
_cBK
999 _c26342
_d26342